000 00528nam a22002055b 4500
003 OSt
005 20150219172456.0
008 951127s1992 mx | ||| ||spa
040 _cBMC
082 _a863.9921
082 _a980-0102
100 1 _aAridjis, Homero
_93675
245 1 0 _aMemorias del Nuevo Mundo
_cHomero Aridjis
250 _a2ª ed
260 _aMéxico D.F.
_bDiana
_c1992
300 _a395 p.
_c23 cm
650 2 4 _912570
_aNovela Mexicana
651 2 4 _91308
_aAmérica española
_xHistoria
942 _2ddc
_cBK
999 _c17282
_d17282